Power system optimization / (Record no. 178421)

000 -LEADER
fixed length control field 00768 a2200169 4500
003 - CONTROL NUMBER IDENTIFIER
control field Nust
005 - DATE AND TIME OF LATEST TRANSACTION
control field 20221027182139.0
040 ## - CATALOGING SOURCE
Transcribing agency Nust
082 ## - DEWEY DECIMAL CLASSIFICATION NUMBER
Classification number 621.31,KOT
100 ## - MAIN ENTRY--PERSONAL NAME
Personal name Kothari, D. P.
9 (RLIN) 74459
245 ## - TITLE STATEMENT
Title Power system optimization /
Statement of responsibility, etc. D. P. Kothari and J. S. Dhillon
260 ## - PUBLICATION, DISTRIBUTION, ETC.
Place of publication, distribution, etc. New Delhi
Name of publisher, distributor, etc. Prentice Hall
Date of publication, distribution, etc. 2004
300 ## - PHYSICAL DESCRIPTION
Extent 572 p.
505 ## - FORMATTED CONTENTS NOTE
Formatted contents note Introduction (Page-1-7), Load Flow Studies (Page-8-130), Economic Load Dispatch of Thermal Generating Units (Page-131-244), Optimal Hydrothermal Scheduling (Page-245-320), Multiobjective Generation Scheduling (Page-321-386), Stochastic Multiobjective Generation Scheduling (Page-387-500), Evolutionary Programming for Generation Scheduling (Page-501-532).
650 ## - SUBJECT ADDED ENTRY--TOPICAL TERM
Topical term or geographic name entry element Optimization
9 (RLIN) 56563
942 ## - ADDED ENTRY ELEMENTS (KOHA)
Source of classification or shelving scheme
Koha item type Book
Holdings
Withdrawn status Lost status Source of classification or shelving scheme Damaged status Not for loan Permanent Location Current Location Shelving location Date acquired Full call number Barcode Date last seen Price effective from Koha item type Public note
          Military College of Signals (MCS) Military College of Signals (MCS) General Stacks 12/12/2016 621.31,KOT MCS30915 12/08/2016 12/12/2016 Book Almirah No.28, Shelf No.6
          Military College of Signals (MCS) Military College of Signals (MCS) General Stacks 12/12/2016 621.31,KOT MCS31875 12/08/2016 12/12/2016 Book Almirah No.28, Shelf No.6
© 2023 Central Library, National University of Sciences and Technology. All Rights Reserved.